000 00889nam a22002417a 4500
001 4556
003 FISKH
005 20240916145841.0
008 240916b cb ||||| |||| 00| 0 eng d
020 _a9780545081030
040 _aFISKH
_beng
_cFISKH
_dFISKH
050 _aPZ7.E453
100 _aElliott, L.M.
_d1957-
245 _aGive me liberty /
_cL.M. Elliott
250 _aFirst printing in 2008
260 _aNew York :
_bScholastic,
_c2008.
300 _a376 pages :
_c20cm
520 _aFollows the life of thirteen-year-old Nathaniel Dunn, from May 1774 to December 1775, as he serves his indentureship with a music teacher in Williamsburg, Virginia, and witnesses the growing rift between patriots and loyalists, culminating in the American Revolution.
650 _2American Revolution
_aVirginia
650 _2Slavery
_a18th century
942 _2ddc
_cBK
_n0
999 _c4556
_d4556